000 00533nam a2200181Ia 4500
008 151018s9999 xx 000 0 und d
082 _bRBASDV10851
_a891.463
100 _aशिरीष पै
245 _aआजचा दिवस
250 _b1
260 _bपरचुरे प्रकाशन मुंबई
_c1974
300 _a117
600 _aशिरीष पै
630 _aआजचा दिवस
700 _aशिरीष पै
730 _aआजचा दिवस
942 _cBOOK
999 _c1013205
_d1013202